Biblioteca

Edición tridentina del manual toledano y su incorporación al ritual romano (Registro nro. 70151)

Detalles MARC
000 -LÍDER
Campo fijo de descripción fija 01456nab a2200217 i 4500
001 - NÚMERO DE CONTROL
Campo de control 768714001
003 - IDENTIFICADOR DEL NÚMERO DE CONTROL
Campo de control CO-MdFUSB
005 - FECHA Y HORA DE LA ULTIMA TRANSACCIÓN
control field 20240612102753.0
008 - ELEMENTOS DE LONGITUD FIJA -- INFORMACIÓN GENERAL
Campo fijo de descripción fija -- Información general 240612t1959 sp ||||| |||| 00| 0 spa d
040 ## - FUENTE DE CATALOGACIÓN
Idioma de catalogación spa
Agencia que realiza la transcripción CO-MdFUSB
Agencia que realiza la modificación CO-MdFUSB
041 ## - CÓDIGO DE IDIOMA
Código de idioma para texto/pista de sonido o título separado spa
100 ## - ASIENTO PRINCIPAL--NOMBRE PERSONAL
Nombre personal García Alonso, Ireneo,
Fechas asociadas con el nombre 1923-2012
Término relacionador autor
245 ## - TÍTULO
Título Edición tridentina del manual toledano y su incorporación al ritual romano
Mención de responsabilidad / Ireneo García Alonso
520 ## - NOTA DE RESUMEN, ETC.
Nota de sumario, etc. Se estudia en este artículo Ia edición postrídentina, en Ia que se refunde por completo el contenido y Ia estructura del Manual, acomodándole a las normas del Concilio. <br/>El estudio de Ia presente edición nos demostrará que el Manual ToIedano es una de las más auténticas glorias de Ia Diócesis Primada, porque toledano es el fondo de su contenido y toledanos fueron los que llevaron a cabo Ia reforma del Manual adaptándole a los cánones tridentinos con un acierto indiscutible. Por fortuna se han conservado datos abundantes para conocer las circunstancias en que se realizó esta edición y quiénes tuvieron parte principal en ella.
650 #7 - ASIENTO SECUNDARIO DE MATERIA - TERMINO TEMÁTICO
Término temático o nombre geográfico como elemento de entrada Teología doctrinal
9 (RLIN) 179
650 #2 - ASIENTO SECUNDARIO DE MATERIA - TERMINO TEMÁTICO
Término temático o nombre geográfico como elemento de entrada Sacramentos (Liturgia)
9 (RLIN) 1174
650 #7 - ASIENTO SECUNDARIO DE MATERIA - TERMINO TEMÁTICO
Término temático o nombre geográfico como elemento de entrada Ritos y ceremonias
9 (RLIN) 207
773 0# - ASIENTO DE ITEM FUENTE
Biblionumber 70126
Itemnumber 82748
Lugar, editorial y fecha de publicación Salamanca, España :
Otro identificador del ítem R2623
Título Salmanticensis
Número de control del registro (CO-MdFUSB)768714001
Parte(s) relacionada(s) / Volumen., número. (mes año), páginas Volumen 6, (fascículo 2, 1959) páginas: 323 - 399
Enumeración y primera página página: 323
942 ## - TIPO DE MATERIAL (KOHA)
Tipo de Item KOHA Artículos de Revista
945 ## - INFORMACIÓN LOCAL DEL REGISTRO
Catalogador Catherine Arias Álvarez - Practicante SENA

No hay ítems disponibles.

Biblioteca FUSBC | Teléfono: (57+4) 349 88 10 Ext. 141| WhatsApp (+57) 3005338115 
E-mail: biblioteca@unisbc.edu.co | Calle 76 87-14 Robledo Palenque, Medellín, Colombia

Con tecnología Koha